000 00400nam a2200157Ia 4500
008 230312s9999||||xx |||||||||||||| ||und||
020 _a978-0-07-059385
082 _a621.38412
_bCAR-S
100 _aCarr,Joseph.J
245 0 _aRF Circuit Design
260 _bTata McGraw Hill
_aIndia
_c2001
300 _a534
546 _aEng.
650 _aEngineering
_vComponents and Tuned Ciecuits
942 _cBK
999 _c6272
_d6272